Inštitucionálne zázemie transformácie výchovy a vzdelávania v SR. (Zhrnutie diskusie) 11. workshop, Bratislava, marec 1997

Bibliographic Details
Main Author: Christenko, Sergej (Author)
Format: Book
Language:Slovak
PhysicalDescription:[4] s. 30 cm
Published: Bratislava Inštitút liberálnych štúdií [1997]
Subjects:

MARC

LEADER 00000nam a2200000 a 4500
001 vtls001291866
003 SK-MaSNL
005 20260301155454.0
008 240315s1997 xo 0 slo
015 |a SNBI1997/03-01275 
035 |a SNK000243555 
040 |a SNK  |b slo  |c SNK  |e AACR2 
041 0 |a slo 
044 |a xo  |c SK 
080 |a 37:371(437.6)(094.58)=20=854  |2 1981 
080 |a 371  |2 1981 
100 1 |a Christenko, Sergej  |4 aut  |9 10602 
245 1 |a Inštitucionálne zázemie transformácie výchovy a vzdelávania v SR. (Zhrnutie diskusie)  |b 11. workshop, Bratislava, marec 1997  |c spracoval: Sergej Christenko 
260 |a Bratislava  |b Inštitút liberálnych štúdií  |c [1997] 
300 |a [4] s.  |c 30 cm 
500 |a Súbež. text angl. 
500 |a 200 výt. 
650 0 7 |a školstvo  |x transformácia  |z Slovensko  |x štúdie  |2 SNK  |9 519752 
651 7 |a Slovensko  |x školstvo  |x transformácia  |x štúdie  |2 SNK  |9 519753 
655 7 |a závery  |2 SNK  |9 62812 
958 |a TL 
999 |c 801088  |d 803018 
952 |t P60, <03>, [BOOK], {603}  |a SNK  |b SNK  |y PREZ  |7 0  |p 17A0072335  |o snkOSB 11423  |i snkKSP 6673/97  |0 0  |1 0  |4 0  |d 1997-06-26  |l 0  |r 2005-01-02 00:00:00  |w 2026-02-24 
952 |t P60, <04>, [BOOK], {604}  |a SNK  |b SNK  |y VYP  |7 0  |p 17A0072334  |o snkOSB 11423 D1  |i snkKSP 6674/97  |0 0  |1 0  |4 0  |d 1997-06-26  |l 0  |r 2005-01-02 00:00:00  |w 2026-02-24